000 00878nam a2200253 a 4500
001 000018893
005 20240306073909.0
008 100520s2001 cu 000 0 spa d
020 _a9597006111
040 _aDO-SdBNP
_bspa
_cBNPHU
082 _annnn
_bM375e
100 1 _aMartí, José,
_d1853-1895
_9645
245 1 3 _aLa exposición de parís /
_cJosé Martí ; investigación, presentación, estudio valorativo y notas de Salvador Arias.
260 _aLa Habana :
_bCentro de Estudios Martianos,
_c2001.
300 _avii, 141 p. ;
_c18 cm.
490 1 _aLa edad de oro
500 _aEdición crítica
500 _aIncluye referencias bibliográficas y notas al pie de las páginas.
700 1 _aArias, Salvador,
_d1935-
_98761
700 1 _aLópez Ugarte, Ela,
_eed.
_98795
830 3 _aLa edad de oro
_940677
910 _aCatalogación original
049 _aBNGR
999 _c18411
_d18411